Помнишь, земля смоленская...: роман

Detalles Bibliográficos
Autor principal: Хонинов М. В. Михаил Ванькаевич
Otros Autores: Карасев Ю. (переводчик)
Sumario:Исключено из фонда НТБ ТПУ
Lenguaje:ruso
Publicado: Элиста, Калмыцкое книжное издательство, 1989
Formato: Libro
KOHA link:https://koha.lib.tpu.ru/cgi-bin/koha/opac-detail.pl?biblionumber=151715

MARC

LEADER 00000nam0a2200000 4500
001 151715
005 20231031150812.0
020 |a RU  |b 89-12428 
035 |a (RuTPU)RU\TPU\book\164486 
090 |a 151715 
100 |a 20090127d1989 m y0rusy5003 ca 
101 1 |a rus  |c rus 
102 |a RU 
105 |a y z 000ay 
200 1 |a Помнишь, земля смоленская...  |e роман  |f М. В. Хонинов  |g авториз. пер. с калм. Ю. Карасев 
210 |a Элиста  |c Калмыцкое книжное издательство  |d 1989 
215 |a 303,[1] с.  |c портр. 
333 |a Исключено из фонда НТБ ТПУ 
700 1 |a Хонинов  |b М. В.  |g Михаил Ванькаевич 
702 1 |a Карасев  |b Ю.  |4 730 
801 0 |a RU  |b RuMRKP  |c 19950417  |g psbo 
801 1 |a RU  |b 63413507  |c 20090127  |g PSBO 
801 2 |a RU  |b 63413507  |c 20220614  |g PSBO 
942 |c BK